India Economic Policy. (Record no. 258801)

MARC details
000 -LEADER
fixed length control field 00461nam a2200181Ia 4500
008 - FIXED-LENGTH DATA ELEMENTS--GENERAL INFORMATION
fixed length control field 090630s9999 xx 000 0 und d
082 ## - DEWEY DECIMAL CLASSIFICATION NUMBER
Item number 6945
100 ## - MAIN ENTRY--PERSONAL NAME
Personal name Charan Singh.
245 ## - TITLE STATEMENT
Title India Economic Policy.
Statement of responsibility, etc Charan Singh.
260 ## - PUBLICATION, DISTRIBUTION, ETC. (IMPRINT)
Name of publisher, distributor, etc Vikas Public House.
Date of publication, distribution, etc 1978
300 ## - PHYSICAL DESCRIPTION
Extent 127
600 ## - SUBJECT ADDED ENTRY--PERSONAL NAME
Personal name Charan Singh.
630 ## - SUBJECT ADDED ENTRY--UNIFORM TITLE
Uniform title India Economic Policy.
655 ## - INDEX TERM--GENRE/FORM
Genre/form data or focus term English.
700 ## - ADDED ENTRY--PERSONAL NAME
Personal name Charan Singh.
730 ## - ADDED ENTRY--UNIFORM TITLE
Uniform title India Economic Policy.
942 ## - ADDED ENTRY ELEMENTS (KOHA)
Koha item type Book
Holdings
Withdrawn status Lost status Damaged status Not for loan Home library Current library Date acquired Cost, normal purchase price Total Checkouts Full call number Barcode Date last seen Cost, replacement price Price effective from Koha item type
        Sarvajanik Wachanalaya Shrivardhan Sarvajanik Wachanalaya Shrivardhan   30.00   6945 SAWASHRI-6945 06/30/2009 30.00 06/30/2009 Book